| 000 -LEADER |
| fixed length control field |
01306nam a22002177a 4500 |
| 005 - DATE AND TIME OF LATEST TRANSACTION |
| control field |
20220804111734.0 |
| 008 - FIXED-LENGTH DATA ELEMENTS--GENERAL INFORMATION |
| fixed length control field |
220804b ||||| |||| 00| 0 eng d |
| 020 ## - INTERNATIONAL STANDARD BOOK NUMBER |
| International Standard Book Number |
9780008386245 |
| 040 ## - CATALOGING SOURCE |
| Transcribing agency |
KH8 |
| 082 ## - DEWEY DECIMAL CLASSIFICATION NUMBER |
| Classification number |
FIC LAN |
| 100 ## - MAIN ENTRY--PERSONAL NAME |
| Personal name |
Landy, Derek |
| Relator term |
Author |
| 245 ## - TITLE STATEMENT |
| Title |
Seasons of war / |
| Statement of responsibility, etc. |
Derek Landy |
| 260 ## - PUBLICATION, DISTRIBUTION, ETC. |
| Place of publication, distribution, etc. |
London : |
| Name of publisher, distributor, etc. |
HarperCollins Children's Books, |
| Date of publication, distribution, etc. |
[2020] ©2020. |
| 300 ## - PHYSICAL DESCRIPTION |
| Extent |
551 pages ; |
| Dimensions |
24 cm. |
| 440 ## - SERIES STATEMENT/ADDED ENTRY--TITLE |
| Title |
Skulduggery Pleasant ; |
| Number of part/section of a work |
bk 13. |
| 520 ## - SUMMARY, ETC. |
| Summary, etc. |
The thirteenth thrilling novel in the internationally bestselling Skulduggery Pleasant series, SEASONS OF WAR will test the Skeleton Detective and Valkyrie like never before... War is coming. To avert catastrophe, Skulduggery and Valkyrie are sent on a secret mission that takes them away from everything they know, to a forsaken land of magic and grim, unrelenting terror. It is here that Valkyrie will have to fight the hardest - not only against the enemies who want her dead but also against her own self-destructive impulses. It's only by crawling through darkness that she'll be able to once again stand in the light... |
| 650 ## - SUBJECT ADDED ENTRY--TOPICAL TERM |
| Topical term or geographic name entry element |
Pleasant, Skulduggery (Personnage fictif) -- Romans, nouvelles, etc. |
| 650 ## - SUBJECT ADDED ENTRY--TOPICAL TERM |
| Topical term or geographic name entry element |
Magie -- Romans, nouvelles, etc. |
| 650 ## - SUBJECT ADDED ENTRY--TOPICAL TERM |
| Topical term or geographic name entry element |
Magiciens -- Romans, nouvelles, etc. |
| 942 ## - ADDED ENTRY ELEMENTS (KOHA) |
| Source of classification or shelving scheme |
|
| Koha item type |
Books - Fiction |